000 00875aam a2200313 i 4500
001 768714001
003 CO-MdFUSB
005 20250522151923.0
007 ta
008 250522t1974 sp |||| |||| 00| 0 spa d
020 _a84-7228-132-9
040 _cCO-MdFUSB
041 0 _aspa
082 0 4 _223
_a248.4
_bL3345d
100 1 _aLarson, Bruce
_eautor
240 _aSetting men free
245 1 3 _aEl Don de la libertad
_c/ Bruce Larson ; traducido por Francisco Carzola
264 1 _bClie,
_aTerrassa, Barcelona, España :
_c[1974]
264 4 _c©1974
300 _a128 páginas
336 _atexto
_btxt
_2rdacontent
337 _2rdamedia
_asin mediación
_bn
338 _2rdacarrier
_avolumen
_bnc
563 _aRústico
650 0 _aVida cristiana
_919
700 _aCazorla Olmo, Francisco,
_96064
_etraductor
942 _cBK
945 _aJTF-925
999 _c35888
_d35888